00600 2200181 4500245003100000020002200031250001100053100001800064700002600082650002000108005001900128260003900147041001400186084000800200300002800208500017300236336000900409 aJodohcFahd PahdepiehText a978-602-291-118-0 aCet. 3 aFahd Pahdepie aIka Yuliana Kurniasih aNovel Indonesia a20231004142659 aYogyakartabPenerbit Bentangc2016 aIndonesia a813 ax, 246 hlm. :c20.5 cm. aBarangkali imajinasumu tentang jodoh dan belahan jiwa begitu sederhana, di tepi pantai, kau mengandaikan ada orang disebrang sana, yang tengah menunggmu untuk berlayar. atext